| 000 | 01426nab a2200241 i 4500 | ||
|---|---|---|---|
| 001 | 768714001 | ||
| 003 | CO-MdFUSB | ||
| 005 | 20240619150102.0 | ||
| 008 | 240619t1981 us ||||| |||| 00| 0 eng d | ||
| 040 |
_bspa _cCO-MdFUSB _dCO-MdFUSB |
||
| 041 | _aeng | ||
| 100 |
_aForman, Charles W., _eautor |
||
| 245 |
_aAn ecumenist reply _c/ Charles W. Forman |
||
| 520 | _aEs evidente que el informe de Waldron Scott sobre la conferencia de Pattaya validó la necesidad de celebrar tal reunión. Como el evangelio y las naciones no alcanzadas del mundo recibieron sólo un reconocimiento muy limitado en la entonces reunión del CMME en Melbourne, algunos informes sugirieron que se necesitaba una reunión internacional adicional para abordar estos temas. Una de las tragedias de la historia cristiana es que estas dos conferencias se llevaron a cabo por separado. Según Scott, Melbourne parecía dar prioridad a las ciudades con iglesias establecidas, mientras que Pattaya priorizaba a las que no tenían fe. | ||
| 546 | _aTexto en inglés. | ||
| 630 | 0 | _aEcumenismo e humanismo, | |
| 650 | 7 |
_aTeología dogmática _96937 |
|
| 650 | 7 |
_aTeología pastoral y unidad cristiana _97183 |
|
| 650 | 7 |
_aIglesia _9655 |
|
| 773 | 0 |
_049486 _961106 _d Pasadena _oR0875 _tMissiology: _w(CO-MdFUSB)97 _gVolumen 9, (número 1, 1981) páginas: 77 - 80 _qpágina: 77 |
|
| 942 | _cANA | ||
| 945 | _aCatherine Arias Álvarez - Practicante SENA | ||
| 999 |
_c70279 _d70279 |
||